| 000 | 00000nam##2200000za#4500 |
| 001 | 9.697717 |
| 003 | CaOODSP |
| 005 | 20210624235615 |
| 007 | cr ||||||||||| |
| 008 | 150407|2011||||xxc|||||o f|0| 0 eng|d |
| 040 | |aCaOODSP|beng |
| 043 | |an-cn--- |
| 086 | 1 |aH14-120/2011E-PDF |
| 110 | 1 |aCanada. |bHealth Canada. |
| 245 | 10|aAudit of the Treasury Board submission process : |h[electronic resource]|bfinal audit report / |c[by] Audit and Accountability Bureau. |
| 260 | |aOttawa - Ontario : |bHealth Canada |cJune 2011. |
| 300 | |a21p.|bfig., table |
| 590 | |a13-11-Supp|b2013-04-26 |
| 775 | 08|tVérification du processus de présentation au Conseil du Trésor : |w(CaOODSP)9.641744 |
| 856 | 40|ahttp://publications.gc.ca|qPDF|s208 KB|uhttps://publications.gc.ca/collections/collection_2013/sc-hc/H14-120-2011-eng.pdf |